Metallica Song Initials - Statistics

General Stats
  • This quiz has been taken 231 times
  • The average score is 17 of 30
Answer Stats
Initials Song % Correct
MOP Master of Puppets
94%
FWTBT For Whom the Bell Tolls
89%
ES Enter Sandman
86%
S&D Seek & Destroy
85%
RTL Ride the Lightning
75%
WH (S) Welcome Home (Sanitarium)
74%
FTB Fade to Black
73%
CD Creeping Death
72%
NEM Nothing Else Matters
69%
WIMR Wherever I May Roam
69%
SBT Sad but True
66%
TU The Unforgiven
63%
TTTSNB The Thing That Should Not Be
60%
KN King Nothing
55%
HOS Harvester of Sorrow
54%
TDTNC The Day That Never Comes
54%
TFH The Four Horsemen
49%
JITF Jump in the Fire
46%
SA St. Anger
46%
LM Lepper Messiah
45%
TMR The Memory Remains
42%
UIS Until it Sleeps
41%
DH Disposable Heroes
38%
DTOM Don't Tread On Me
38%
TGTF The God That Failed
38%
EOTB Eye of the Beholder
36%
ANL All Nightmare Long
26%
MIF Moth into Flame
25%
AR Atlas, Rise!
23%
MS Mama Said
18%
No matching quizzes found
Score Distribution
Percent of People with Each Score
Percentile by Number Answered
Your Score History
You have not taken this quiz